| 000 | 00619nam a2200193 a 4500 | ||
|---|---|---|---|
| 005 | 20210223120756.0 | ||
| 008 | 991125s1962 mx 000 0 spa u | ||
| 035 | _aUPN01000006851 | ||
| 049 | _aCG | ||
| 050 | 4 |
_aF1233 _aZ3.2 |
|
| 100 | 1 |
_aZaragoza, Ignacio, _d1829-1862 _94547 |
|
| 245 | 1 | 0 |
_aCartas al general Ignacio Mejía / _cIgnacio Zaragoza. |
| 260 |
_aMéxico : _bINAH, _c1962. |
||
| 300 |
_a213 p. : _bretrs. |
||
| 440 | 0 |
_aHistoria ; _v9 |
|
| 600 | 1 | 4 |
_aMEJIA, IGNACIO, _d1814-1906 - _vCORRESPONDENCIA, MEMORIAS, ETC. |
| 600 | 1 | 4 |
_aZARAGOZA, IGNACIO, _d1829-1862 - _vCORRESPONDENCIA, MEMORIAS, ETC. |
| 905 | _aLibro | ||
| 999 |
_c6851 _d6851 |
||